Central banking and the making of interest rate policy diplomová práca

Uložené v:
Podrobná bibliografia
Hlavný autor: Montisci, Davide
Korporativný autor: Ekonomická univerzita v Bratislave. Ústav medzinárodných programov
Ďalší autori: Workie Tiruneh, Menbere
Médium: Kniha
Jazyk:English
Vydavateľské údaje: Bratislava 2014
Tagy: Pridať tag
Žiadne tagy, Buďte prvý, kto otaguje tento záznam!

MARC

LEADER 00000nbm a2200000 4500
001 0193131
005 20170314111941.6
041 0 |a eng 
044 |a SK 
245 1 0 |a Central banking and the making of interest rate policy  |b diplomová práca  |c Davide Montisci ; školiteľ: Menbere Workie Tiruneh 
264 1 |a Bratislava  |c 2014 
300 |a 72 s. 
100 1 |a Montisci, Davide 
700 1 |a Workie Tiruneh, Menbere 
710 2 |a Ekonomická univerzita v Bratislave. Ústav medzinárodných programov